{"text_format":"1","workbook":"xlsx","n_sheets":1,"sheets":["Invoice"],"not_rendered":{"charts":0,"images":4,"macros":1,"external_links":0,"defined_names":2,"comments":0,"pivot_tables":0},"unopened":[],"bounds":{"document_bytes":16777216,"sheet_cells":100000,"rows_first":2000,"rows_last":500,"rows_between":2000,"halvings":0,"cell_chars":16384,"cell_head_chars":4096},"cells_cut":0,"cells_raw":0,"read":"whole","date_system":"1900"}

{"sheet":"Invoice","index":0,"n_rows":145,"n_cols":9,"rows_kept":145,"cut":false,"hidden":false,"merged":[[138,9,147,9],[142,6,142,7],[143,6,143,7],[144,6,144,7],[0,0,0,1],[1,0,1,1],[8,0,10,1],[5,4,5,5],[7,4,10,8]]}
[]
[]
[]
[]
[]
["Expeditor ",null,null,null,"Ship-To Address :",null,null,"Date: ","2024-06-29"]
[]
["YAZAKI MOROCCO S.A",null,null,null,"Yazaki Morocco S.A\nIlot 101, Zone Franche\n90000 Tanger-Aerport"]
["Nippon Express Lot n°38 / Extension TAC2- \n(lot 38-A) Free Zone Automotive City 90060 TANGER"]
[]
[]
[]
[" INVOICE N°:",454725973379629.63]
["TU :",6500026185]
["INCOTERM :","EXW"]
["PART NUMBER","QTY","UNIT OF MEASURE","DESIGNATION","ORIGIN","NET WEIGHT","WEIGHT TOTAL","PRICE/UNIT"," VALUE"]
["71719272",430,"PC","UPPER SUPPORT","MA",0.23580000000000001,101.39400000000001,1.1230228804023672,482.89983857301792]
["72768599",2124,"PC","Channel","MA",0.20899999999999999,443.916,1.8117674765687248,3848.1941202319717]
["4304X1930",15840,"M","PVC/Vinyl Tape 19mm B","DE",3.2299999999999998E-3,51.163199999999996,1.3594515994264785E-2,215.33713334915419]
["45023B0255100575",1000,"PC","Textile Sleeve 19mm L:575mm  O","MA",2.5415E-2,25.414999999999999,0.19784866288108813,197.84866288108813]
["7003746002",512,"PC","COSSE BAT 6 LAITON PLAGE 18 AVEC ANTI RO","FR",1.4999999999999999E-2,7.68,0.251232358304737,128.63096745202535]
["7009522802",1000,"PC","Eyelet Terminal 2mm","FR",1.41E-2,14.1,0.24981208960866819,249.81208960866817]
["7009588102",1791,"PC","EYELET TERMINAL","FR",4.0000000000000001E-3,7.1640000000000006,6.9251182730110161E-2,124.0288682696273]
["7035083030",2000,"PC","XJF Tailgate Grommet","MA",3.5099999999999999E-2,70.2,0.34442598676641639,688.85197353283274]
["7035088830",1050,"PC","RJI TAILGATE GROMMET V2","PT",6.3E-2,66.150000000000006,0.65517337835362521,687.93204727130649]
["7047029130",504,"PC","Band Clip 140mm","FR",2E-3,1.008,7.7216959127121274E-2,38.917347400069119]
["7047040530",1000,"PC","Band Clip 110mm","GB",2.82E-3,2.82,6.7341850734632627E-2,67.341850734632629]
["7047055330",179622,"PC","Band Clip 125mm","FR",1.5E-3,269.43299999999999,1.2556835561940047E-2,2255.4839173067953]
["7047071830",2000,"PC","Band Clip 160mm","FR",2.5000000000000001E-3,5,3.3807628485139962E-2,67.61525697027993]
["7047277730",1151,"PC","Tape Clip","CZ",3.0000000000000001E-3,3.4530000000000003,3.3610920368403623E-2,38.686169344032571]
["7047304830",11541,"PC","Band Clip 140mm","FR",1.8E-3,20.773799999999998,1.8952556348303305E-2,218.73145281576845]
["7047315330",1000,"PC","Band Clip 170mm","GB",1.6000000000000001E-3,1.6,2.8002032048985735E-2,28.002032048985736]
["7047393830",5364,"PC","Band Clip 140mm","FR",1.155E-3,6.1954200000000004,1.414042613474867E-2,75.849245786791869]
["7047753230",5603,"PC","Band Clip 165mm","FR",1.6000000000000001E-3,8.9648000000000003,1.5802519488089684E-2,88.541516691766503]
["7047798330",9500,"PC","Band Clip 160mm","DE",2.415E-3,22.942499999999999,4.7953468604752941E-2,455.55795174515293]
["7052105130",1730,"PC","Tape Clip","CZ",2.7000000000000001E-3,4.6710000000000003,5.6631184011419908E-2,97.971948339756437]
["7075190830",300,"PC","GROMMET","MA",2.8000000000000001E-2,8.4,0.19829892595563603,59.489677786690805]
["7075218130",1799,"PC","XJF Grommet Front Left ABS Censor","RO",1.2E-2,21.588000000000001,0.11175818256137428,201.05297042791233]
["7090744130",714,"PC","525D Y 195MMX210MM BK","FR",0.02,14.280000000000001,2.1519854168753998E-2,15.365175876490355]
["7116704502",137500,"PC","Terminal 090 NS Female 2.3mm Unsealed","CN",3.5E-4,48.125,1.1900841062548668E-2,1636.3656461004418]
["7116704602",70000,"PC","Terminal 090 NS Female 2.3mm Unsealed","CN",3.86E-4,27.02,1.0906472509138355E-2,763.45307563968481]
["71181584",3000,"PC","Connector 3p MQS White","CH",2.1280000000000001E-3,6.3840000000000003,8.508979545062853E-2,255.2693863518856]
["7123591230",9973,"PC","Connector 1p 250 Black","DE",5.6999999999999998E-4,5.6846100000000002,1.0215287108129007E-2,101.8770583293706]
["71275048",3000,"PC","Mini-Fuse Natural","MX",5.9999999999999995E-4,1.7999999999999998,1.9283711755836503E-2,57.851135267509513]
["7134954030",296,"PC","Routing Cover Black","DE",2.1000000000000003E-3,0.62160000000000004,5.1671973875718369E-2,15.294904267212637]
["7147852230",1800,"PC","Tape Clip","FR",1.65E-3,2.97,1.4490530489306932E-2,26.082954880752478]
["7147854430",1600,"PC","Connector Clip","FR",1.1000000000000001E-3,1.76,5.550778215207703E-2,88.812451443323255]
["7147860530",199,"PC","Clamp","FR",2.7200000000000002E-3,0.54127999999999998,4.0815129561169457E-2,8.1222107826727221]
["7147904330",157,"PC","CLIP BLACK","FR",2.7799999999999999E-3,0.43646000000000001,8.4097231558839636E-2,13.203265354737823]
["71511521W3",10000,"PC","Nut","IT",2E-3,20,2.4989149472001128E-2,249.89149472001128]
["7152508830",2412,"PC","Connector Clip","FR",9.7999999999999997E-4,2.3637600000000001,1.3761447194247461E-2,33.192610632524875]
["71719272",770,"PC","UPPER SUPPORT","MA",0.23580000000000001,181.566,1.1230228804023672,864.7276179098227]
["7172504760",20000,"PC","Single Wire Seal Green","AT",1.6800000000000002E-4,3.3600000000000003,1.3280504872135215E-2,265.61009744270427]
["7172504850",20000,"PC","Single Wire Seal Red","AT",1.9000000000000001E-4,3.8000000000000003,1.3454654718603628E-2,269.09309437207258]
["7172519270",25000,"PC","Single Wire Seal Yellow","US",1.22E-4,3.05,8.9402936725856575E-3,223.50734181464145]
["7173193340",28000,"PC","Cavity Seal / Blind Plug Gray","KR",3.3000000000000003E-5,0.92400000000000004,8.8067487125995155E-3,246.58896395278643]
["7173575330",1600,"PC","Shrink Tube 19mm L:70.000mm  B","DE",2.7000000000000001E-3,4.32,4.1784232851879696E-2,66.854772563007515]
["7174157130",150,"PC","ROUTING COVER 28P","NL",8.4000000000000012E-3,1.2600000000000002,0.18103914220823811,27.155871331235716]
["7174241130",874,"PC","AXIAL REAR COVER","CH",7.45E-3,6.5113000000000003,7.2217144104937472E-2,63.117783947715353]
["7174247430",300,"PC","ZRO CONN 27P HARNESS COVER","FR",3.0000000000000001E-3,0.9,0.52856734230190017,158.57020269057006]
["7174278430",3734,"PC","REAR CONNECTOR GUIDE 6","MA",2.1000000000000003E-3,7.841400000000001,2.8609300684598389E-2,106.82712875629038]
["7174927830",145,"PC","COVER MFHR 2010 ECO","CN",3.5000000000000003E-2,5.0750000000000002,0.33729576870012934,48.907886461518757]
["7176395030",1200,"PC","Channel","MA",3.5000000000000003E-2,42.000000000000007,0.37000165126538365,444.00198151846035]
["7176395130",152,"PC","Channel","MA",0.03,4.5599999999999996,0.34075891435166178,51.79535498145259]
["7176552730",1123,"PC","Channel","MA",1.1000000000000001E-3,1.2353000000000001,0.11355833252875504,127.5260074297919]
["7183334230",2472,"PC","Connector 6p NSCC+Other Black","US",3.5000000000000001E-3,8.652000000000001,7.4871801350067352E-2,185.0830929373665]
["7183677880",2344,"PC","BOITIER POSITIVE LOCK 2 VOIES, CONNECTOR","CH",1.6999999999999999E-3,3.9847999999999999,2.4001097234265835E-2,56.25857191711912]
["7183677930",1496,"PC","Connector 3p MQS Black","HU",8.9999999999999998E-4,1.3464,6.8130487863199432E-2,101.92320984334636]
["7184908730",135,"PC","Channel","MA",0.14855000000000002,20.054250000000003,0.7988334667279049,107.84251800826716]
["7185944006",3000,"PC","SHIELDING SLEEVE","DE",4.7000000000000002E-3,14.100000000000001,0.42311735443824944,1269.3520633147484]
["7186902130",3027,"PC","Connector 10p SICMA Black","FR",7.8200000000000006E-3,23.671140000000001,0.17120915035628534,518.25009812847577]
["7187089730",1500,"PC","DYNAMIC D-3200 5.08 PITCH RECEPTACLE HOU","JP",2.8700000000000002E-3,4.3050000000000006,0.19679925214822411,295.19887822233613]
["7187107830",1200,"PC","DYNAMIC D-3200 MODULAR TYPE 6POS REC. HS","JP",4.6600000000000001E-3,5.5920000000000005,0.29624242380493054,355.49090856591664]
["7218148140",1350,"PC","PORTE LANGUETTES MQS, PORTE LANGUETTES M","CZ",6.0000000000000001E-3,8.1,0.51871930383373299,700.27106017553956]
["7219660530",2227,"PC","Connector 12p NanoMQS Black","CH",1.4E-3,3.1177999999999999,0.1020689543158934,227.30756126149458]
["7219661730",9000,"PC","Connector 14p NanoMQS Black","CN",1.6000000000000001E-3,14.4,0.11532690091776067,1037.942108259846]
["72196644",4500,"PC","Connector 14p NanoMQS Natural","CN",1.6000000000000001E-3,7.2,0.12572716584208668,565.77224628939007]
["72275468",3000,"PC","Mini-Fuse Blue","MX",5.9999999999999995E-4,1.7999999999999998,1.826317560891539E-2,54.789526826746169]
["7235076930",800,"PC","REAR DOOR GROMMET ASSY","MA",9.5000000000000001E-2,76,0.76505922448276154,612.04737958620922]
["7235077030",1880,"PC","FRONT DOOR GROMMET","MA",0.19121000000000002,359.47480000000002,1.2461495288479674,2342.7611142341789]
["7247077330",39524,"PC","Cable Tie 127.4mm","FR",2.3999999999999998E-3,94.857599999999991,4.513819647531539E-2,1784.0420774903655]
["72525105",5428,"PC","Connector Clip","FR",1.66E-3,9.0104799999999994,7.3714110919917225E-2,400.1201940733107]
["7252758030",300,"PC","FIXING COLLAR","FR",4.4999999999999997E-3,1.3499999999999999,5.3607473464706686E-2,16.082242039412005]
["7252758130",500,"PC","Band Clip 213mm","DE",3.3E-3,1.65,0.3522870927893843,176.14354639469215]
["7271278030",108,"PC","BASE ASSEMBLY SFRB-2 BOX","PT",2E-3,0.216,2.2675392807160173,244.89424231732986]
["727182333V",2400,"PC","DPE BOX COVER","MA",0.1166,279.83999999999997,0.85030873248688676,2040.7409579685282]
["7274049430",485,"PC","Routing Cover Black","FR",3.8E-3,1.843,0.1497273607455418,72.617769961587769]
["7274073390",501,"PC","Connector (OH) 12p MQS Blue","FR",3.8E-3,1.9037999999999999,0.11829105763096656,59.263819873114251]
["72740990",957,"PC","Cover","FR",4.2300000000000003E-3,4.0481100000000003,0.14933484684287984,142.913448428636]
["7275130830",4550,"PC","Pass Through Grommet (Material TPE)","ES",7.3499999999999998E-3,33.442499999999995,0.21129248962996316,961.38082781633238]
["72830502",1200,"PC","Connector 24p 025 Natural","BE",3.7240000000000003E-3,4.4688000000000008,8.3057746464893473E-2,99.669295757872163]
["7283350140",1800,"PC","Socket housing 32p Light Gray","JP",4.3299999999999996E-3,7.7939999999999996,0.12070569488044569,217.27025078480224]
["7283368330",300,"PC","Connector 4p 060 Black","US",2.48E-3,0.74399999999999999,5.427158894139452E-2,16.281476682418358]
["7283368960",5901,"PC","Connector 4p 060 Green","US",2.48E-3,14.63448,5.442227818678428E-2,321.14586358021404]
["7283393840",911,"PC","Connector 2p 060 Light Gray","US",1.6999999999999999E-3,1.5487,3.4787559745578803E-2,31.69146692822229]
["7283409940",1728,"PC","Connector 28p 025 Light Gray","JP",5.6699999999999997E-3,9.7977600000000002,0.11328492629310773,195.75635263449016]
["7285184551",756,"PC","TAB HEADER 2 W LSK8","PT",4.2430000000000002E-2,32.077080000000002,3.8218293674390322,2889.3030017839083]
["7286100280",227,"PC","MALE HOUSING 16 WAYS","CN",1.2361E-2,2.8059470000000002,0.1803019379358822,40.928539911445263]
["72861633",1300,"PC","Connector 12p 025 Natural","KR",3.7000000000000002E-3,4.8100000000000005,0.1705071369855474,221.65927808121162]
["7286231030",1338,"PC","Connector 36p SICMA Black","FR",2.18E-2,29.168399999999998,0.23587288324470942,315.59791778142119]
["7286391730",231,"PC","CONNECTOR","HU",1.1414000000000001E-2,2.6366339999999999,0.19138256029148895,44.209371427333949]
["7287017840",6800,"PC","Connector 3p RH Light Gray","JP",4.4299999999999999E-3,30.123999999999999,0.17405149241004442,1183.550148388302]
["7287138830",800,"PC","Connector 14p APEX Black","DE",2.2040000000000001E-2,17.632000000000001,0.61987690403080198,495.90152322464161]
["7287156930",1200,"PC","Supplier P/N: 0-1379665-1 (S: 1118)","DE",2.8E-3,3.36,8.6353058585632553E-2,103.62367030275907]
["7287391830",1056,"PC","CONNECTOR","HU",7.1180000000000002E-3,7.5166080000000006,0.12218100575596824,129.02314207830247]
["7287415330",8112,"PC","CONNECTOR","HU",6.2529999999999999E-3,50.724336000000001,9.3546439808669793E-2,758.84871972792939]
["7287431530",1495,"PC","CONNECTOR 35W Hybrid - MQS 1.5","CN",2.3E-2,34.384999999999998,0.55515181264724911,829.95195990763739]
["7287615930",1568,"PC","Connector 6p SICMA Black","FR",1.302E-2,20.41536,0.2384066281612032,373.82159295676661]
["7287678240",7056,"PC","Connector 6p SICMA Light Gray","FR",1.2999999999999999E-2,91.727999999999994,0.41507939157638096,2928.8001869629443]
["7287727730",2016,"PC","Connector 5p Sicma-2 Black","FR",9.9600000000000001E-3,20.079360000000001,0.21734442237744317,438.16635551292541]
["72878645",1800,"PC","Connector 10p 090 NS Natural","CN",4.7800000000000004E-3,8.604000000000001,5.9302083211142706E-2,106.74374978005687]
["7287933130",144,"PC","Connector 64p 025+060 Black","FR",3.5000000000000003E-2,5.0400000000000009,1.1407554854945812,164.2687899112197]
["7288251170",550,"PC","Connector 20p MQS Yellow","FR",9.554E-3,5.2546999999999997,0.17854690450903732,98.200797479970532]
["7288568930",4780,"PC","Connector 4p MCP Black","CH",1.15E-2,54.97,0.24089886586040402,1151.4965788127313]
["7288791030",769,"PC","8P 2X2.8+6X1.2 NWP HYBRID SYSTEM CONNECT","PT",7.4000000000000003E-3,5.6905999999999999,0.12103955728041105,93.079419548636096]
["7288915030",399,"PC","Connector 4p unknown Black","MA",6.1399999999999996E-3,2.4498599999999997,0.84959589114642031,338.98876056742171]
["7289069430",5096,"PC","6 WAY HYBRID FEMALE CONNECTOR","FR",1.2999999999999999E-2,66.24799999999999,0.31554688916941354,1608.0269472073314]
["7289295430",1120,"PC","7 Ways Sealed Connector","MA",1.0500000000000001E-2,11.760000000000002,0.34468134638584935,386.04310795215127]
["7289374730",800,"PC","CPT 24P HOUSING FEMALE SUB ASSEMBLY","JP",1.7340000000000001E-3,1.3872,0.35885154943735165,287.08123954988133]
["7289567330",1684,"PC","TAB HOUSING 2-WAY SLK 2.8 SWS","DE",1.0000000000000001E-5,1.6840000000000001E-2,0.27635775972915638,465.38646738389934]
["7289745830",496,"PC","Connector 5p MCON Black","HU",5.5999999999999999E-3,2.7776000000000001,0.13813240982782626,68.513675274601823]
["7289781230",1321,"PC","Connector 2p NWP Black","PT",2.0099999999999996E-3,2.6552099999999994,4.3623183044121272E-2,57.626224801284202]
["7289800130",150,"PC","Connector 20p MX 150 Black","CN",2.1274999999999999E-2,3.1912499999999997,0.50980517775465806,76.470776663198706]
["7289833530",2392,"PC","Connector 4p MCON Black","HU",5.0000000000000001E-3,11.96,0.13128281664367228,314.02849741166409]
["7289859230",293,"PC","Connector 5p MCON Black","HU",5.4000000000000003E-3,1.5822000000000001,0.13614186805938419,39.88956734139957]
["7289885030",1108,"PC","Connector 3p MCON Black","HU",3.0000000000000001E-3,3.3240000000000003,0.10355148383790168,114.73504409239506]
["7297490030",50,"PC","Connector 24p unknown Black","PT",4.2099999999999999E-2,2.105,0.63936183555742843,31.968091777871422]
["7297692330",600,"PC","Connector 22p DCS-2+MLK Black","PT",1.7000000000000001E-2,10.200000000000001,0.18340054193988492,110.04032516393096]
["7297692360",2000,"PC","22 WAY MALE CONNECTOR WITH PROTECTIV GRI","HU",1.7000000000000001E-2,34,0.18408721568684069,368.17443137368139]
["7298260540",1301,"PC","Connector 35p Other Light Gray","CN",2.2969E-2,29.882669,0.54040862953094138,703.07162701975471]
["7298895730",936,"PC","NH33F ACU ASSY","HU",8.7600000000000004E-3,8.1993600000000004,0.17872015202469502,167.28206229511454]
["73753162",840,"PC","SQUIB AK11 PLUS CABLE ASSY 90 DEG","CZ",0.47537400000000002,399.31416000000002,0.70186358382337422,589.56541041163439]
["73753164",160,"PC","SQUIB AK11 PLUS CABLE ASSY 90 DEG","CZ",0.383164,61.306240000000003,0.61585431327662477,98.536690124259962]
["73755120",200,"PC","Multimedia harness 3365mm","TN",0.04,8,1.9291832733132959,385.83665466265916]
["74750979",500,"PC","PIGTAIL FEL90-1 YAZAKI PSA P5 L=3200 L1=","IE",0.1,50,0.83510265366468139,417.55132683234069]
["74750983",400,"PC","PIGTAIL FEL90-1 YAZAKI PSA P5 L=1790 L1=","IE",0.1,40,0.72807448921308626,291.22979568523448]
["74750985",400,"PC","PIGTAIL FEL90-1 YAZAKI PSA P5 L=1775 L1=","IE",0.1,40,0.69218247655518972,276.87299062207586]
["74751119",450,"PC","Multimedia harness 842mm","PT",3.2000000000000001E-2,14.4,1.4988851702833588,674.49832662751146]
["X1PO0GT6",150,"PC","PIGTAIL FPL180-1 YAZAKI PSA P5","HU",2E-3,0.3,1.2899838573017961,193.4975785952694]
["X1PO2CD7",50,"PC","CAM PANO AR VISIO PARK 3_HAC040","TN",0.1,5,4.4880599075471856,224.40299537735928]
[null,null,null,null,null,null,null,"TOTAL VALUE",52412.640042083382]
[]
[null,null,null,null,null,null,"Gross Weight (KG) ",null,5630.5604639999992]
[null,null,null,null,null,null,"Net Weight (KG) ",null,3818.4504639999991]
[null,null,null,null,null,null,"Volume",null,"77P"]